000 00544nam a2200169Ia 4500
008 190719s9999||||xx |||||||||||||| ||und||
020 _a1870077725
_c£ 35.00
040 _aIMU Kochi
082 0 4 _a623.8886
_bR8124
110 _aGreat Britain.
_bRoyal Navy
245 4 _aThe Naval Handbook for Ship Firefighters /
_cRoyal Navy, Government of Great Britain
250 _a8th ed.
260 _aLondon :
_bThe Nautical Institute ,
_c2006
300 _aii, 138 p.
_b : ill.
_c; 21 cm.
650 _aShips
_xFires and fire prevention
942 _2ddc
_cBK
999 _c19
_d19